Desingning and Managing the Supply Chain (Record no. 343206)
[ view plain ]
| 000 -LEADER | |
|---|---|
| fixed length control field | 00449 a2200169 4500 |
| 003 - CONTROL NUMBER IDENTIFIER | |
| control field | OSt |
| 005 - DATE AND TIME OF LATEST TRANSACTION | |
| control field | 20180116182635.0 |
| 008 - FIXED-LENGTH DATA ELEMENTS--GENERAL INFORMATION | |
| fixed length control field | 160428b xxu||||| |||| 00| 0 eng d |
| 040 ## - CATALOGING SOURCE | |
| Transcribing agency | 0 |
| 100 ## - MAIN ENTRY--PERSONAL NAME | |
| Personal name | David Simchi Levi. |
| 110 ## - MAIN ENTRY--CORPORATE NAME | |
| Corporate name or jurisdiction name as entry element | Philip Kaminsky |
| 245 ## - TITLE STATEMENT | |
| Title | Desingning and Managing the Supply Chain |
| Remainder of title | Concepts, Strategies and Case Studies. |
| 250 ## - EDITION STATEMENT | |
| Edition statement | 3rd Ed |
| 256 ## - COMPUTER FILE CHARACTERISTICS | |
| Computer file characteristics | McGraw Hill |
| 260 ## - PUBLICATION, DISTRIBUTION, ETC. | |
| Date of publication, distribution, etc. | 2008 |
| 942 ## - ADDED ENTRY ELEMENTS (KOHA) | |
| Institution code [OBSOLETE] | NBS |
| Koha item type | Book |
| Call number prefix | 658.5 SIM |
| Source of classification or shelving scheme | |
| Withdrawn status | Lost status | Damaged status | Not for loan | Permanent Location | Current Location | Date acquired | Total Checkouts | Full call number | Barcode | Date last seen | Date last checked out | Price effective from | Koha item type |
|---|---|---|---|---|---|---|---|---|---|---|---|---|---|
| Central Library (CL) | Central Library (CL) | 08/28/2013 | 3 | 658.5 SIM | NBS8102 | 08/18/2016 | 03/11/2016 | 08/28/2013 | Book |
